Contemporary orthodontics / (Registro nro. 43917)
[ vista simple ]
| 000 -LEADER | |
|---|---|
| fixed length control field | 01562cam a2200361 i 4500 |
| 001 - CONTROL NUMBER | |
| control field | 43917 |
| 003 - CONTROL NUMBER IDENTIFIER | |
| control field | Mx-PuUPA |
| 005 - DATE AND TIME OF LATEST TRANSACTION | |
| control field | 20260420140253.0 |
| 008 - FIXED-LENGTH DATA ELEMENTS--GENERAL INFORMATION | |
| fixed length control field | 140415s2013 mouado fr 001 0 eng d |
| 020 ## - INTERNATIONAL STANDARD BOOK NUMBER | |
| International Standard Book Number | 9780323083171 |
| Qualifying information | empastado |
| -- | papel alcalino |
| 040 ## - CATALOGING SOURCE | |
| Original cataloging agency | MX-PuUPA |
| Language of cataloging | spa |
| Description conventions | rda |
| Transcribing agency | Mx-PuUPA |
| Modifying agency | Mx-PuUPA |
| 041 0# - LANGUAGE CODE | |
| Language code of text/sound track or separate title | eng |
| 245 00 - TITLE STATEMENT | |
| Title | Contemporary orthodontics / |
| Statement of responsibility, etc. | William R. Proffit, Henry W. Fields, David M. Sarver ; contributor, James L. Ackerman |
| 250 ## - EDITION STATEMENT | |
| Edition statement | Fifth edition |
| 264 #1 - PRODUCTION, PUBLICATION, DISTRIBUTION, MANUFACTURE, AND COPYRIGHT NOTICE | |
| Place of production, publication, distribution, manufacture | St. Louis Missouri : |
| Name of producer, publisher, distributor, manufacturer | Elsevier Inc., |
| Date of production, publication, distribution, manufacture, or copyright notice | ©2013 |
| 300 ## - PHYSICAL DESCRIPTION | |
| Extent | xiii, 754 páginas : |
| Other physical details | ilustraciones, diagramas, fotográfias (principalmente a color) ; |
| Dimensions | 29 cm |
| 336 ## - CONTENT TYPE | |
| Fuente | rdacontent |
| Content type term | texto |
| Content type code | txt |
| 336 ## - CONTENT TYPE | |
| Fuente | rdacontent |
| Content type term | imagen fija |
| Content type code | sti |
| 337 ## - MEDIA TYPE | |
| Source | rdamedia |
| Media type term | sin medio |
| Media type code | n |
| 338 ## - CARRIER TYPE | |
| Carrier type term | volumen |
| Source | rdacarrier |
| Carrier type code | nc |
| 650 #7 - SUBJECT ADDED ENTRY--TOPICAL TERM | |
| Source of heading or term | armarc |
| Topical term or geographic name entry element | Ortodoncia |
| General subdivision | Métodos |
| 700 1# - ADDED ENTRY--PERSONAL NAME | |
| Personal name | Proffit, William R., |
| Relator term | autor |
| 9 (RLIN) | 5418 |
| 700 1# - ADDED ENTRY--PERSONAL NAME | |
| Personal name | Fields, Henry W., |
| Relator term | autor |
| 700 1# - ADDED ENTRY--PERSONAL NAME | |
| Personal name | Sarver, David M., |
| Relator term | autor |
| 700 1# - ADDED ENTRY--PERSONAL NAME | |
| Personal name | Ackerman, James L., |
| Relator term | colaborador |
| 767 0# - TRANSLATION ENTRY | |
| Main entry heading | William R. Proffit |
| Title | Ortodoncia contemporánea |
| Edition | Quinta edición |
| Place, publisher, and date of publication | Barcelona, España : Elsevier España, ©2014 |
| International Standard Book Number | 9788490223147 |
| Record control number | (Mx-PuUPA) 29845 |
| 773 08 - HOST ITEM ENTRY | |
| Relationship information | Traducido como: |
| Main entry heading | William R. Proffit |
| Title | Ortodoncia contemporánea |
| Edition | Quinta edición |
| Place, publisher, and date of publication | Barcelona, España : Elsevier España, ©2014 |
| Record control number | (Mx-PuUPA) 29845 |
| International Standard Book Number | 9788490223147 |
| 942 ## - ADDED ENTRY ELEMENTS (KOHA) | |
| Source of classification or shelving scheme | Dewey Decimal Classification |
| Koha item type | Libro |
| Classification part | 617.643 |
| Item part | C74 |
| Withdrawn status | Lost status | Source of classification or shelving scheme | Damaged status | Not for loan | Collection code | Home library | Current library | Shelving location | Date acquired | Source of acquisition | Total Checkouts | Full call number | Barcode | Date last seen | Price effective from | Koha item type |
|---|---|---|---|---|---|---|---|---|---|---|---|---|---|---|---|---|
| Dewey Decimal Classification | General | Biblioteca Karol Wojtyla | Biblioteca Karol Wojtyla | Sala general | 28/08/2017 | Compra | 617.643 C74 2013 | 98520 | 24/04/2026 | 09/11/2017 | Reserva permanente |